Los Thaumata de Sofronio : (Record no. 62758)

MARC details
000 -LEADER
campo de control de longitud fija 00947nam a2200265 i 4500
001 - NÚMERO DE CONTROL
campo de control 62758
003 - IDENTIFICADOR DE NÚMERO DE CONTROL
campo de control ES-MaACL
005 - FECHA Y HORA DE LA ÚLTIMA TRANSACCIÓN
campo de control 20230906164726.0
007 - CAMPO FIJO DE DESCRIPCIÓN FÍSICA--INFORMACIÓN GENERAL
campo de control de longitud fija t|
008 - DATOS DE LONGITUD FIJA--INFORMACIÓN GENERAL
campo de control de longitud fija 031125s1975 sp ||||1| spa d
020 ## - NÚMERO INTERNACIONAL ESTÁNDAR DEL LIBRO
Número Internacional Estándar del Libro 84-00-04109-7
080 ## - NÚMERO DE LA CLASIFICACIÓN DECIMAL UNIVERSAL
Número de la Clasificación Decimal Universal 248.214
080 ## - NÚMERO DE LA CLASIFICACIÓN DECIMAL UNIVERSAL
Número de la Clasificación Decimal Universal 875 Sofronio, San, Patriarca de Jerusalén 7 Thaumata.06
100 1# - ENTRADA PRINCIPAL--NOMBRE DE PERSONA
Nombre de persona Fernández Marcos, Natalio.
9 (RLIN) 49891
245 14 - MENCIÓN DEL TÍTULO
Título Los Thaumata de Sofronio :
Resto del título contribución al estudio de la incubatio cristiana /
Mención de responsabilidad, etc. por Natalio Fernández Marcos.
260 ## - PUBLICACIÓN, DISTRIBUCIÓN, ETC.
Lugar de publicación, distribución, etc. Madrid :
Nombre del editor, distribuidor, etc. Instituto "Antonio de Nebrija",
Fecha de publicación, distribución, etc. 1975.
300 ## - DESCRIPCIÓN FÍSICA
Extensión XXVI, 409 p. ;
Dimensiones 25 cm.
490 1# - MENCIÓN DE SERIE
Mención de serie Manuales y anejos de Emérita ;
Designación de volumen o secuencia 31
546 ## - NOTA DE IDIOMA
Nota de lengua/lenguaje Texto en español y griego.
600 04 - PUNTO DE ACCESO ADICIONAL DE MATERIA--NOMBRE DE PERSONA
Nombre de persona Sofronio,
Títulos y otros términos asociados al nombre Santo, Patriarca de Jerusalén.
9 (RLIN) 174588
710 2# - ENTRADA AGREGADA--NOMBRE DE ENTIDAD CORPORATIVA
Nombre de entidad corporativa o nombre de jurisdicción como elemento de entrada Instituto Antonio de Nebrija.
9 (RLIN) 4795
830 1# - PUNTO DE ACCESO ADICIONAL DE SERIE-TÍTULO UNIFORME
Título uniforme Manuales y anejos de Emérita ;
Designación de volumen o secuencia 31
9 (RLIN) 183691
852 4# - LOCALIZACIÓN
Ubicación ES-MaACL
Número de control de estantería E-7599
Holdings
Estatus retirado Estado de pérdida Estado de daño No para préstamo Biblioteca de origen Biblioteca actual Ubicación en estantería Fecha de adquisición Fuente de adquisición Total de préstamos Signatura topográfica completa Código de barras Visto por última vez Precio de reemplazo Tipo de ítem Koha
        Biblioteca del Ateneo de Madrid Biblioteca del Ateneo de Madrid Depósito 2 17/01/2008     E-7599 1065789 23/02/2023 23/02/2023 Libro impreso